|
|
|
|
| LEADER |
00000nab a2200000 a 4500 |
| 001 |
vtls000411679 |
| 003 |
SK-MaSNL |
| 005 |
20260303200511.0 |
| 008 |
160215c1991 xo 0 slo |
| 015 |
|
|
|a SNBRB19rr/mm-uuuuu
|
| 035 |
|
|
|a CL0411803
|
| 040 |
|
|
|a SNKBUCL
|b slo
|c SNKBUCL
|e AACR2
|
| 041 |
0 |
|
|a slo
|
| 044 |
|
|
|a xo
|c SK
|
| 080 |
|
|
|a 354.4(437)
|2 1981
|
| 080 |
|
|
|a 929 Ehrenberger, Emil
|2 1981
|
| 245 |
0 |
0 |
|a Nový federálny minister
|
| 300 |
|
|
|b Fot. 1.
|
| 600 |
1 |
7 |
|a Ehrenberger, Emil,
|d 1946-
|2 snkbucl
|9 230213
|
| 655 |
|
7 |
|a články z novín a časopisov
|2 snkbucl
|9 267496
|
| 773 |
0 |
|
|t Pravda
|g Roč. 72, č. 93 (20. 4. 1991), s. 2
|
| 850 |
|
|
|a Slovenská národná knižnica v Martine
|a MTA001
|
| 852 |
|
|
|a SNK
|b KIS3GCP
|
| 958 |
|
|
|a BX
|
| 958 |
|
|
|a RK
|
| 992 |
|
|
|a RBX
|
| 999 |
|
|
|c 2168366
|d 2170296
|